Statistiche per Bandiere di tutto il mondo

Clicka qui per fare il quiz!

Statistiche generali

  • Questo quiz è stato fatto 22.727 volte
  • Il punteggio medio è 110 su 196

Statistiche sulle risposte

Risposta% Corretto
Stati Uniti
100%
Regno Unito
98%
Italia
97%
Canada
97%
Francia
96%
Australia
95%
Irlanda
95%
Russia
94%
Giappone
93%
Brasile
92%
Corea del Sud
91%
Svezia
90%
Grecia
90%
Cina
90%
Svizzera
89%
Finlandia
88%
Albania
88%
Spagna
88%
Norvegia
88%
Paesi Bassi
88%
Belgio
88%
Israele
88%
Nuova Zelanda
87%
Germania
87%
Turchia
87%
Cipro
85%
Danimarca
84%
Argentina
84%
Messico
83%
India
83%
Polonia
83%
Ungheria
81%
Islanda
81%
Città del Vaticano
81%
Macedonia del Nord
80%
Sudafrica
80%
Bulgaria
79%
San Marino
79%
Arabia Saudita
77%
Austria
77%
Giamaica
76%
Croazia
75%
Portogallo
75%
Romania
75%
Egitto
75%
Georgia
74%
Costa d'Avorio
74%
Uruguay
73%
Malta
73%
Kosovo
72%
Algeria
72%
Repubblica Ceca
71%
Nepal
70%
Ucraina
70%
Tunisia
70%
Marocco
70%
Libano
69%
Vietnam
69%
Bangladesh
69%
Bosnia ed Erzegovina
69%
Venezuela
68%
Slovacchia
68%
Cile
68%
Estonia
68%
Cuba
67%
Slovenia
67%
Perù
67%
Nigeria
66%
Corea del Nord
66%
Monaco
66%
Serbia
66%
Colombia
64%
Iran
64%
Kenya
64%
Pakistan
64%
Lussemburgo
63%
Iraq
62%
Panama
62%
Kazakistan
62%
Camerun
62%
Indonesia
61%
Bielorussia
59%
Qatar
59%
Lettonia
59%
Moldavia
59%
Malesia
59%
Bhutan
58%
Azerbaijan
58%
Singapore
57%
Repubblica Dominicana
57%
Siria
57%
Montenegro
55%
Senegal
55%
Andorra
55%
Filippine
55%
Barbados
55%
Ecuador
54%
Sri Lanka
54%
Somalia
54%
Angola
54%
Thailandia
53%
Lituania
53%
Madagascar
52%
Armenia
52%
Repubblica Democratica del Congo
52%
Honduras
51%
Liechtenstein
51%
Uzbekistan
50%
Emirati Arabi Uniti
49%
Burkina Faso
49%
Costa Rica
49%
Gabon
49%
Uganda
48%
Papua Nuova Guinea
48%
Seychelles
48%
Ciad
48%
Libia
47%
Etiopia
47%
Cambogia
47%
Palau
46%
Paraguay
46%
Ghana
46%
Niger
46%
Mongolia
45%
Yemen
44%
Taiwan
44%
Liberia
44%
Giordania
43%
Maldive
43%
Turkmenistan
43%
Laos
41%
Mauritania
41%
Mali
41%
Tonga
40%
Bahrain
40%
Birmania
40%
Figi
40%
Swaziland
40%
Antigua e Barbuda
39%
Trinidad e Tobago
39%
Oman
39%
Kuwait
39%
Burundi
39%
El Salvador
38%
Tanzania
38%
Afghanistan
38%
Brunei
37%
Mozambico
37%
Capo Verde
37%
Malawi
37%
Bahamas
37%
Repubblica del Congo
36%
Nicaragua
36%
Botswana
36%
Stati Federati di Micronesia
36%
Comoros
36%
Haiti
36%
Eritrea
35%
Tagikistan
35%
Santa Lucia
35%
Togo
35%
Repubblica Centrafricana
35%
Isole Marshall
35%
Lesotho
34%
Guatemala
34%
Kiribati
34%
Sudan
34%
Zambia
34%
Belize
34%
Guinea
34%
Kirghizistan
33%
Zimbabwe
33%
Sierra Leone
33%
Dominica
32%
Sud Sudan
32%
Mauritius
30%
Benin
30%
Bolivia
30%
Suriname
30%
Grenada
30%
Nauru
29%
Ruanda
29%
Timor Est
29%
Guyana
29%
Gambia
29%
Gibuti
28%
Guinea Equatoriale
28%
Namibia
28%
Samoa
27%
Saint Kitts e Nevis
27%
Guinea-Bissau
27%
Saint Vincent e Grenadine
26%
Sao Tome e Principe
26%
Isole Salomone
25%
Tuvalu
25%
Vanuatu
25%

Distribuzione punteggi

Percentile per numero di risposta

Percentuale di utenti per punteggio

I tuoi punteggi nel tempo

Non hai fatto questo quiz